Prawda czy fałsz - siatkówka w Polsce - Statystyki

Ogólne statystyki
  • Ten quiz został rozwiązany 88 razy
  • Średni wynik to 9 z 16
Statystyki odpowiedzi
Zagadnienie Odpowiedź % Poprawnych
Głównymi sponsorami są: Orlen i Plus Prawda
84%
W styczniu 2022 trenerem kadry kobiet został Włoch, Stefano Lavarini Prawda
74%
Selekcjonerem reprezentacji Polski kobiet jest serbski trener, Nikola Grbić Fałsz
72%
PZPS Jest członkiem FIVB oraz CEV. Prawda
70%
W kategorii mężczyzn zwyciężył zespół Orzeł Warszawa Fałsz
63%
PZPN ma 3 partnerów medialnych Fałsz
60%
Polski Związek Piłki Siatkowej (PZPS) jako samodzielny związek sportowy został powołany do życia 30 czerwca 1957 Prawda
60%
Do Polski siatkówka trafiła za pośrednictwem Związku Chrześcijańskiej Młodzieży Męskiej Prawda
51%
W kategorii kobiet zwyciężył zespół AZS Warszawa Prawda
51%
Pierwszym etatowym trenerem kadry został Romuald Wirszyłło. Prawda
51%
Pierwsze sekcje siatkarskie i kluby powstały w Łodzi Fałsz
49%
Reprezentacja polskich siatkarek pierwszy mecz rozegrała w Warszawie pokonując Czechosłowację 3:1. Prawda
47%
Pierwszy mecz pokazowy miał miejsce w Warszawie w 1917 Fałsz
44%
Zorganizowane rozgrywki siatkarskie prowadzone są tylko przez PZPS Fałsz
40%
Pierwsze mistrzostwa Polski odbyły się w 1924 roku w Warszawie Fałsz
26%
Reprezentacja siatkarzy zadebiutowała na arenie międzynarodowej w Warszawie pokonując Czechosłowację 3:2. Fałsz
26%
Nie znaleziono quizów pasujących do podanych kryteriów
Rozkład punktacji
Procent ludzi z każdym wynikiem
Percentyl według liczby udzielonych odpowiedzi
Twoja historia wyników
Nie rozwiązałeś tego quizu